| 000 | 01447cam a22003494a 4500 | ||
|---|---|---|---|
| 001 | 13942489 | ||
| 005 | 20250414174627.0 | ||
| 008 | 050426s2007 njua b 001 0 eng | ||
| 010 | _a 2005011811 | ||
| 020 | _a9780470177143 | ||
| 020 | _a9780471470656 | ||
| 035 | _a(OCoLC)ocm60187997 | ||
| 040 |
_aDLC _cDLC _dYDX _dBAKER _dTKN _dVP@ _dNLGGC _dDLC |
||
| 042 | _apcc | ||
| 050 | 0 | 0 |
_aTX911.3.M27 _bH663 2007 |
| 082 | 0 | 0 |
_a647.94068 _25th Edition _bRUT |
| 084 |
_a49.55 _2bcl |
||
| 245 | 0 | 0 |
_aHotel management and operations / _cedited by Denney G. Rutherford, Michael J. O'Fallon. |
| 250 | _a5th ed. | ||
| 260 |
_aHoboken, N.J. : _bJohn Wiley, _c2011. |
||
| 300 |
_axviii, 494 p. : _bill. ; _c24 cm. |
||
| 504 | _aIncludes bibliographical references and index. | ||
| 650 | 0 |
_aHotel management. _973697 |
|
| 700 | 1 |
_aRutherford, Denney G., _d1942-2015. _9128661 |
|
| 700 | 1 |
_aO'Fallon, Michael J. _9128662 |
|
| 856 | 4 | 1 |
_3Table of contents _uhttp://www.loc.gov/catdir/toc/ecip0512/2005011811.html |
| 856 | 4 | 2 |
_3Publisher description _uhttp://www.loc.gov/catdir/enhancements/fy0622/2005011811-d.html |
| 856 | 4 | 2 |
_3Contributor biographical information _uhttp://www.loc.gov/catdir/enhancements/fy0658/2005011811-b.html |
| 906 |
_a7 _bcbc _corignew _d1 _eecip _f20 _gy-gencatlg |
||
| 942 |
_2ddc _cBK |
||
| 999 |
_c613567 _d613567 |
||